000 00309nam a22001337a 4500
008 170801b xxu||||| |||| 00| 0 eng d
020 _a0894352423
041 _aeng
080 _22ND
_a004
100 _a32
101 _aSHK
245 _aTHE COMPLETE GUIDE TO SOFTWARE TESTING
_cHETZEL,B
942 _2udc
_cBK
999 _c22331
_d22331